| 000 | 00524nab a2200145Ia 4500 | ||
|---|---|---|---|
| 003 | ES-SlBCS | ||
| 005 | 20210601131306.0 | ||
| 008 | 140529s2003 xxu||||| |||| 00| 0 fre d | ||
| 041 | _afre | ||
| 100 | 1 |
_aBénétrau, Samuel _9183161 |
|
| 245 | 0 | 0 |
_aFaut-il garder secrètes les convictions qui risquent de heurter les frères? Une lecture de Romains 14,22 a _c Samuel Bénétrau |
| 630 | 0 | 4 |
_aRomanos 14 _9183162 |
| 773 | 0 |
_tRevue D'histoire et de Philosophie Religieuses _gvol. 83, 2003, págs. 273-288 _wRev885 |
|
| 942 | _cAR | ||
| 999 |
_c560797 _d560797 |
||